| 000 | 00664cab a2200217 4500 | ||
|---|---|---|---|
| 001 | WB2829-20 | ||
| 008 | 090401t1992 xxu||||| |||| 00| 0 eng d | ||
| 035 | _a(Sirsi) u63661 | ||
| 041 | _aeng | ||
| 245 | _aTighter regulations for EZPTs | ||
| 260 | _c1992 | ||
| 350 | _a0 | ||
| 490 |
_aMoney Week _v(266) 22 July 1992, 5(1) |
||
| 520 | _aWith the recession affecting the performance of EZPTs, IMRO is to tighten up regulation of investment in these trusts. | ||
| 650 | _aENTERPRISE ZONE PROPERTY TRUSTS | ||
| 650 | _aENTERPRISE ZONES | ||
| 650 | _aTAX RELIEF | ||
| 690 | _aPROPERTY-PROPERTY FINANCE AND INVESTMENT | ||
| 942 | _n0 | ||
| 948 | _c04/03/1997 | ||
| 999 |
_c39586 _d39586 |
||